Country Pair by Pair of Letter Pairs Quiz Stats

 Plays Quiz Updated Oct 11, 2018

Challenge
Share
Tweet
Embed
Score 0/18 Timer 03:00
0 Plays Today
Form Pair of Countries % Correct
In . . . iaIndia
96.8%
Au . . . iaAustralia
96.2%
Au . . . iaAustria
94.7%
Mo . . . coMorocco
94%
Al . . . iaAlbania
90.7%
Sl . . . iaSlovakia
89.7%
In . . . iaIndonesia
86%
Sl . . . iaSlovenia
85.9%
Li . . . iaLithuania
80.8%
Form Pair of Countries % Correct
Mo . . . coMonaco
78.2%
Al . . . iaAlgeria
75.6%
Bo . . . naBotswana
75.3%
Li . . . iaLiberia
68.7%
Ta . . . anTaiwan
60.6%
Sa . . . iaSaudi Arabia
47.1%
Ta . . . anTajikistan
45.6%
Bo . . . naBosnia and Herzegovina
36.8%
Sa . . . iaSaint Lucia
22.2%

You're not logged in!

Compare scores with friends on all Sporcle quizzes.
OR
Log In

You Might Also Like...

Show Comments

Extras

Top Quizzes Today


Score Distribution

Your Account Isn't Verified!

In order to create a playlist on Sporcle, you need to verify the email address you used during registration. Go to your Sporcle Settings to finish the process.

Report this User

Report this user for behavior that violates our Community Guidelines.

Details: